Meister und Werke spätmittelalterlicher Kunst in Oberdeutschland und der Schweiz
Saved in:
| Main Author: | |
|---|---|
| Document Type: | Book |
| Language: | German |
| Published: |
Lindau [u.a.]
: Thorbecke
, 1957
|
| Series: | Thorbecke-Kunstbücherei
3 |
| Subjects: | |
| Online Access: | Inhaltsverzeichnis |
| Related Items: | Rezensiert in:
[Rezension von: Julius Baum, Meister und Werke spätmittelalterlicher Kunst in Oberdeutschland und der Schweiz] Rezensiert in: [Rezension von: Baum, Julius, Meister und Werke spätmittelalterlicher Kunst in Oberdeutschland und der Schweiz] |
| Author Notes: | Julius Baum |
| LEADER | 04142cam a2200865 c 4500 | ||
|---|---|---|---|
| 001 | 1110081278 | ||
| 003 | DE-627 | ||
| 005 | 20260608090150.0 | ||
| 007 | tu | ||
| 008 | 940718s1957 gw ||||| 00| ||ger c | ||
| 016 | 7 | |a 450267369 |2 DE-101 | |
| 020 | |q (Lw.) : 13.50 | ||
| 035 | |a (DE-627)1110081278 | ||
| 035 | |a (DE-576)040081273 | ||
| 035 | |a (DE-599)BSZ040081273 | ||
| 035 | |a (OCoLC)217114524 | ||
| 035 | |a (OCoLC)00642771 | ||
| 035 | |a (OCoLC)217114524 | ||
| 040 | |a DE-627 |b ger |c DE-627 |e rakwb | ||
| 041 | |a ger | ||
| 044 | |c XA-DE | ||
| 050 | 0 | |a N6863 | |
| 084 | |a 12a |2 sdnb | ||
| 084 | |a 9,10 |2 ssgn | ||
| 084 | |a LK 10240 |2 rvk |0 (DE-625)rvk/97488: | ||
| 084 | |a LK 10573 |2 rvk |0 (DE-625)rvk/97513:5 | ||
| 100 | 1 | |a Baum, Julius |d 1882-1959 |0 (DE-588)118657623 |0 (DE-627)079442692 |0 (DE-576)160199131 |4 aut | |
| 245 | 1 | 0 | |a Meister und Werke spätmittelalterlicher Kunst in Oberdeutschland und der Schweiz |c Julius Baum |
| 264 | 1 | |a Lindau [u.a.] |b Thorbecke |c 1957 | |
| 300 | |a 125, 40 S. |b Ill. | ||
| 336 | |a Text |b txt |2 rdacontent | ||
| 337 | |a ohne Hilfsmittel zu benutzen |b n |2 rdamedia | ||
| 338 | |a Band |b nc |2 rdacarrier | ||
| 490 | 1 | |a Thorbecke-Kunstbücherei |v 3 | |
| 583 | 1 | |a Archivierung/Langzeitarchivierung gewährleistet |c 2022 |f SLG |x XA-DE-BW |z Bezug Universität Stuttgart |2 pdager |5 DE-93 | |
| 583 | 1 | |a Archivierung/Langzeitarchivierung gewährleistet |f SSG |x XA-DE-BW |2 pdager |5 DE-16 | |
| 583 | 1 | |a Archivierung prüfen |c 20240324 |f DE-4165 |z 1 |2 pdager | |
| 650 | 0 | |a Art |x Germany | |
| 650 | 0 | |a Art |x Switzerland | |
| 650 | 0 | |a Art, Medieval | |
| 655 | 7 | |a Aufsatzsammlung |0 (DE-588)4143413-4 |0 (DE-627)105605727 |0 (DE-576)209726091 |2 gnd-content | |
| 689 | 0 | 0 | |d g |0 (DE-588)4078022-3 |0 (DE-627)104729082 |0 (DE-576)209207019 |a Süddeutschland |2 gnd |
| 689 | 0 | 1 | |d s |0 (DE-588)4114333-4 |0 (DE-627)105822957 |0 (DE-576)209483733 |a Kunst |2 gnd |
| 689 | 0 | 2 | |a z |2 gnd |a Geschichte 1250-1500 |
| 689 | 0 | |5 (DE-627) | |
| 689 | 1 | 0 | |d g |0 (DE-588)4053881-3 |0 (DE-627)104584904 |0 (DE-576)20910614X |a Schweiz |2 gnd |
| 689 | 1 | 1 | |d s |0 (DE-588)4114333-4 |0 (DE-627)105822957 |0 (DE-576)209483733 |a Kunst |2 gnd |
| 689 | 1 | 2 | |a z |2 gnd |a Geschichte 1250-1500 |
| 689 | 1 | |5 (DE-627) | |
| 689 | 2 | 0 | |d g |0 (DE-588)4078022-3 |0 (DE-627)104729082 |0 (DE-576)209207019 |a Süddeutschland |2 gnd |
| 689 | 2 | 1 | |d g |0 (DE-588)4053881-3 |0 (DE-627)104584904 |0 (DE-576)20910614X |a Schweiz |2 gnd |
| 689 | 2 | 2 | |d s |0 (DE-588)4114333-4 |0 (DE-627)105822957 |0 (DE-576)209483733 |a Kunst |2 gnd |
| 689 | 2 | 3 | |a z |2 gnd |a Geschichte 1250-1500 |
| 689 | 2 | |5 (DE-627) | |
| 787 | 0 | 8 | |i Rezensiert in |a Salm, Christian, 1906 - 1973 |t [Rezension von: Julius Baum, Meister und Werke spätmittelalterlicher Kunst in Oberdeutschland und der Schweiz] |d Nürnberg : Carl, 1958 |w (DE-627)1688686703 |
| 787 | 0 | 8 | |i Rezensiert in |a Rühle, Oskar |t [Rezension von: Baum, Julius, Meister und Werke spätmittelalterlicher Kunst in Oberdeutschland und der Schweiz] |d 1959 |w (DE-627)1945066024 |
| 830 | 0 | |a Thorbecke-Kunstbücherei |v 3 |9 3 |w (DE-627)170251004 |w (DE-576)008511896 |w (DE-600)1030984-6 |7 am | |
| 856 | 4 | 2 | |u http://d-nb.info/450267369/04 |m B:DE-101 |q pdf/application |v 20161126003402 |x Verlag |3 Inhaltsverzeichnis |7 1 |
| 889 | |w (DE-627)173419720 | ||
| 935 | |i mdedup | ||
| 936 | r | v | |a LK 10240 |b romanisch |k Kunstgeschichte |k Kunst nach Ländern bzw. Kontinenten |k Deutschland |k Deutsche Kunstgeschichte einzelner Epochen |k Deutsche Kunstgeschichte des Mittelalters |k romanisch |0 (DE-627)1270883135 |0 (DE-625)rvk/97488: |0 (DE-576)200883135 |
| 936 | r | v | |a LK 10573 |b gotisch |k Kunstgeschichte |k Kunst nach Ländern bzw. Kontinenten |k Deutschland |k Deutsche Kunstgeschichte nach Ländern und Landschaften |k Landschaften (Stammesgebiete) |k mehrere oberdeutsche Landschaften |k gotisch |0 (DE-627)1274798213 |0 (DE-625)rvk/97513:5 |0 (DE-576)204798213 |
| 951 | |a BO | ||
| 990 | |a Süddeutschland | ||
| 990 | |a Kunst | ||
| 990 | |a Geschichte 1250-1500 | ||
| 990 | |a Schweiz | ||
| 990 | |a Kunst | ||
| 990 | |a Geschichte 1250-1500 | ||
| 990 | |a Süddeutschland | ||
| 990 | |a Schweiz | ||
| 990 | |a Kunst | ||
| 990 | |a Geschichte 1250-1500 | ||
| 991 | |a Rezensiertes Werk | ||
| 999 | |a KXP-PPN1110081278 |e 4077442885 | ||


